000 00705nam a22001337a 4500
040 _cRUA
082 _aAED LOU 2015 B554 Or.1
100 _aLOU SOKHIM; ឡោ សុខហ៊ីម
245 _aThe study on efficiency of using rual cedit in kampong phnom commune, leuk dek district, kandal province; ការសិក្សាអំពីប្រសិទ្ធភាពនៃការប្រើប្រាស់ឥណទានជនបទរបស់ប្រជាជននៅឃុំកំពង់ភ្នំ ស្រុកលើកដែក ខេត្តកណ្តាល
260 _aPhnom Penh
_bRUA
_c2015
300 _aix; 53p;
_bill;
_c29cm;
856 _u LOU SOKHIM
942 _cAED
999 _c11710
_d11710